000 00850nam a2200253 i 4500
001 188877
003 SpMaBN
005 20250804062649.0
008 190220s2011 sp |||| | spa d
020 _a978-84-08-10055-3
080 _a821.134.2-31"19"
100 1 _aGómez Rufo, Antonio.
_9166394
245 1 3 _aLa abadía de los crímenes /
_cAntonio Gómez Rufo.
250 _a1ª ed., 3ª imp.
260 _aBarcelona :
_bPlaneta,
_c2011.
300 _a390 p. ;
_c24 cm.
490 1 _aAutores españoles e iberoamericanos
655 0 _aNovelas
_9234319
830 0 _aAutores españoles e iberoamericanos
_9119106
852 _aES-MaACL
_jA-14378
_9196011
_bR.151721
_cDEPO1
_dOlim: N-7378
_hDonación: José Lázaro
903 _9234219
_aLázaro García, José
_ednr
942 _2udc
_cMONOGRAFIA
999 _c188877
_d188877